| 000 | 00342nam a2200145Ia 4500 | ||
|---|---|---|---|
| 008 | 230312s9999||||xx |||||||||||||| ||und|| | ||
| 020 | _a988-19738-0-1 | ||
| 082 |
_a659.157 _bJIN-J |
||
| 100 | _aJinling;Qu | ||
| 245 | 0 | _aJapanese Storefront Design | |
| 260 |
_bMedia _aChina _c2010 |
||
| 300 | _a240 | ||
| 650 | _aArchitecture | ||
| 942 | _cBK | ||
| 999 |
_c12013 _d12013 |
||